00604 2200217 4500001002100000005001500021035002000036007000300056008004100059020002200100082001000122084001400132245008500146250001000231260004100241300004000282500001100322650001200333504003000345990001100375INLIS00000000000667020210301104509 a0010-0321000040ta210301 g 0 ind  a978-979-1056-49-6 a355.1 a355.1 MEN aMengawali Integrasi Mengusung Reformasi :bPengabdian Alumni Akabri Pertama 1970 acet.2 aJakarta :bKata Hasta Pustaka,c2013 axLviii, 504 hal. :bilus. ;c23 cm. aIndeks 4aTENTARA aBibliografi : hal.486-490 a7929 a